000 00700nam a22002177a 4500
003 OSt
005 20250701015239.0
008 250618b |||||||| |||| 00| 0 eng d
020 _a0-534-24665-6
040 _aDWCL - Main lib
_cOC
082 _aCirc. 370.7 A796i 2002
100 _aAry , Donald
245 _aIntroduction for research in education/
_cDonald Ary [ and two others]
250 _aSixth edition
260 _aCalifornia, USA:
_bWadsworth Group,
_cc2002.
300 _axxvi, 582 pages:
_billustrations;
_c25cm.
504 _aIncludes appendix, glossry, and index.
700 _aJacobs, Lucy Cheser
700 _aRazavieh, Asghar
942 _2ddc
_cBK-CIRC
_eSixth edition
_kCirc.
_n0
999 _c3133
_d3133